Sci-Fi Movies Starting with H - Statistics

General Stats
  • This quiz has been taken 13 times
    8 since last reset
  • The average score is 3 of 9
Answer Stats
# Answer % Correct
9 Hulk
67%
3 Home
50%
4 Honey, I Shrunk the Kids
50%
2 Hitchhiker's Guide to the Galaxy
33%
5 Hot Fuzz
17%
6 Hot Tub Time Machine
17%
7 Howard the Duck
17%
8 How to Build a Better Boy
17%
1 The Happening
17%
No matching quizzes found
Score Distribution
Percent of People with Each Score
Percentile by Number Answered
Your Score History
You have not taken this quiz since the last reset